000
00322nam a2200133Ia 4500
008
191201s2010 xx 000 0 und d
082
_a
082
_b
SAP
100
_a
SAHNEY, A.J.S
245
0
_a
Pearls of Wisdom
260
_a
Delhi
_b
Ganga International School
_c
2010
300
_a
384
650
_a
General Books
942
_2
ddc
_c
BK
999
_c
492
_d
492